WILLIAMS GYNECOLOGY (Record no. 30663)

MARC details
000 -LEADER
fixed length control field 00347nam a22001577a 4500
003 - CONTROL NUMBER IDENTIFIER
control field SGT
020 ## - INTERNATIONAL STANDARD BOOK NUMBER
International Standard Book Number 9781260468014
082 ## - DEWEY DECIMAL CLASSIFICATION NUMBER
Classification number 618.1
Item number W20H
100 ## - MAIN ENTRY--PERSONAL NAME
Personal name HOFFMAN, BARBARA L.
245 ## - TITLE STATEMENT
Title WILLIAMS GYNECOLOGY
250 ## - EDITION STATEMENT
Edition statement 4TH
260 ## - PUBLICATION, DISTRIBUTION, ETC. (IMPRINT)
Place of publication, distribution, etc NEW YORK
Name of publisher, distributor, etc MC GROW HILL PUB
Year of Publication 2020
300 ## - PAGE DESCRIPTION
No. of Pages 1295
650 ## - SUBJECT ADDED ENTRY--TOPICAL TERM
Topical term or geographic name as entry element OBST. & GYNE
942 ## - ADDED ENTRY ELEMENTS (KOHA)
Source of classification or shelving scheme Dewey Decimal Classification
Koha item type Books
Holdings
Withdrawn status Lost status Source of classification or shelving scheme Damaged status Not for loan Collection code Home library Current library Shelving location Date acquired Vendor Name Cost, normal purchase price SGTU Bill Number Total Checkouts Full call number Accession No. (Barcode) Date last seen Bill Date Koha item type
    Dewey Decimal Classification   Not For Loan MEDICAL SGT Medical Library SGT Medical Library Reference Book 11/02/2025 ABC DELHI 12252.00 SGTU 20461   618.1 W20H FM14851 04/04/2025 11/02/2025 Books